[Event "Quebec op"]
[Site "Montreal CAN"]
[Date "1992.08.05"]
[Round "5"]
[White "Lacroix, Serge"]
[Black "Leveille, Francois"]
[Result "0-1"]
[WhiteElo "2018"]
[BlackElo "2365"]
[PlyCount "54"]
[EventDate "1992.08.01"]
[EventType "swiss"]
[EventRounds "8"]
[EventCountry "CAN"]

1. e4 c5 2. Nf3 Nc6 3. d4 cxd4 4. Nxd4 Nf6 5. Nc3 e5 6. Ndb5 d6 7. Bg5 a6 8.
Bxf6 gxf6 9. Na3 b5 10. Nd5 f5 11. Bd3 Be6 12. c3 Bg7 13. Qh5 O-O 14. f3 fxe4
15. fxe4 f5 16. O-O Ra7 17. Nc2 Kh8 18. Kh1 Raf7 19. a4 fxe4 20. Rxf7 Bxf7 21.
Qe2 exd3 22. Qxd3 e4 23. Qxe4 Re8 24. Qf5 Bg6 25. Qf2 Bxc2 26. Qxc2 Qh4 27. g3
Qe4+ 0-1

[Event "Groupe Commerce"]
[Site "Thetford Mines CAN"]
[Date "1992.06.28"]
[Round "4"]
[White "Lacroix, Serge"]
[Black "Glass, Martin"]
[Result "0-1"]
[WhiteElo "2000"]
[BlackElo "2000"]
[PlyCount "99"]
[EventDate "1992.06.26"]
[EventType "swiss"]
[EventRounds "5"]
[EventCountry "CAN"]

1. e4 c5 2. Nf3 d6 3. d4 cxd4 4. Nxd4 Nf6 5. Nc3 g6 6. f3 Bg7 7. Be3 Nc6 8. Qd2
O-O 9. Bc4 Bd7 10. O-O-O Rc8 11. Bb3 Ne5 12. Kb1 Nc4 13. Bxc4 Rxc4 14. g4 Qa5
15. Nd5 Qxd2 16. Nxe7+ Kh8 17. Rxd2 Re8 18. Nxg6+ fxg6 19. Nb3 Rc6 20. Rhd1
Nxg4 21. Bxa7 Ne5 22. Rxd6 Rxd6 23. Rxd6 Bc6 24. Na5 Rf8 25. Nxc6 Nxc6 26. Bc5
Rxf3 27. c3 Bf8 28. Bd4+ Kg8 29. Rd7 Rf4 30. Rd5 Rxe4 31. Rb5 Re8 32. Bf6 Be7
33. Bxe7 Rxe7 34. Kc2 Kf8 35. h4 h5 36. Kd3 Ne5+ 37. Ke4 Ng4+ 38. Kd4 Ke8 39.
a4 Kd8 40. b4 Nh6 41. Rd5+ Rd7 42. Rxd7+ Kxd7 43. Ke5 Nf5 44. Kf6 Nxh4 45. Kg5
Nf3+ 46. Kf4 Nd2 47. Ke3 h4 48. Kf4 g5+ 49. Kg4 Kc6 50. Kh3 0-1

[Event "Charny"]
[Site "Charny CAN"]
[Date "1992.05.31"]
[Round "5"]
[White "Beauchamp, Jean-Pierre"]
[Black "Lacroix, Serge"]
[Result "1-0"]
[WhiteElo "2050"]
[BlackElo "2000"]
[PlyCount "78"]
[EventDate "1992.05.29"]
[EventType "swiss"]
[EventRounds "5"]
[EventCountry "CAN"]

1. c4 e5 2. Nc3 Nf6 3. g3 Bb4 4. Bg2 O-O 5. d3 d6 6. Qb3 Nc6 7. e3 a5 8. Nge2
Bf5 9. a3 Bxc3+ 10. Qxc3 Qd7 11. O-O Bh3 12. e4 Bg4 13. f3 Bh5 14. Bg5 Ne8 15.
b4 h6 16. Be3 f5 17. exf5 Nf6 18. h3 Rfe8 19. g4 Bf7 20. b5 Nd8 21. Ng3 d5 22.
Bf2 c6 23. a4 cxb5 24. axb5 dxc4 25. dxc4 Rc8 26. Rad1 Qxb5 27. cxb5 Rxc3 28.
Bb6 Rc8 29. Bxa5 Bc4 30. Rfe1 Nf7 31. Bf1 Ng5 32. Bxc4+ Rxc4 33. Kg2 Rc5 34. h4
Nf7 35. Rb1 Nd5 36. Re4 Nf4+ 37. Kf1 Rd5 38. Rc1 Ra8 39. Bc7 Ra2 {etc.} 1-0

[Event "Open de Montreal"]
[Site "Montreal CAN"]
[Date "1992.05.16"]
[Round "2"]
[White "Lacroix, Serge"]
[Black "Charest, Johanne"]
[Result "0-1"]
[WhiteElo "1969"]
[BlackElo "1788"]
[PlyCount "126"]
[EventDate "1992.05.15"]
[EventType "swiss"]
[EventRounds "5"]
[EventCountry "CAN"]

1. e4 e5 2. Nf3 Nc6 3. Bb5 a6 4. Bxc6 dxc6 5. O-O Bg4 6. h3 h5 7. d3 Qf6 8. Be3
Bxf3 9. Qxf3 Qxf3 10. gxf3 Bd6 11. Nd2 Ne7 12. Nc4 Ng6 13. Kh2 f6 14. Rg1 Kf7
15. Rg3 Nf4 16. Rag1 Rhg8 17. Bxf4 exf4 18. Rg6 Rae8 19. c3 c5 20. R6g2 Rd8 21.
Rd1 Rge8 22. Rgg1 Be5 23. Rd2 Rd7 24. Rgd1 Red8 25. Na5 c6 26. Nc4 Bc7 27. Kg2
b5 28. Na3 Be5 29. Kf1 g5 30. Ke2 Kg6 31. Nc2 Bc7 32. b4 Bb6 33. bxc5 Bxc5 34.
d4 Be7 35. Nb4 Bxb4 36. cxb4 Kf7 37. Rd3 Ke6 38. R1d2 Ke7 39. Kd1 Re8 40. Kc2
a5 41. a3 axb4 42. axb4 Ra7 43. d5 Ra2+ 44. Kd1 cxd5 45. Rxd5 Rxd2+ 46. Kxd2
Rd8 47. Kd3 Rxd5+ 48. exd5 f5 49. Kc3 g4 50. fxg4 fxg4 51. hxg4 hxg4 52. Kd4 g3
53. fxg3 fxg3 54. Ke3 Kd6 55. Kf3 Kxd5 56. Kxg3 Kc4 57. Kf3 Kxb4 58. Ke2 Ka3
59. Kd1 b4 60. Kc2 Ka2 61. Kc1 b3 62. Kd2 b2 63. Ke3 b1=Q 0-1

[Event "Quebec-ch qual. 2"]
[Site "Quebec CAN"]
[Date "1992.04.25"]
[Round "2"]
[White "Lacroix, Serge"]
[Black "Desjardins, Andre"]
[Result "0-1"]
[WhiteElo "2000"]
[BlackElo "2000"]
[PlyCount "66"]
[EventDate "1992.04.24"]
[EventType "swiss"]
[EventRounds "5"]
[EventCountry "CAN"]

1. e4 c5 2. Nf3 Nc6 3. d4 cxd4 4. Nxd4 Nf6 5. Nc3 e5 6. Ndb5 d6 7. Bg5 a6 8.
Na3 b5 9. Bxf6 gxf6 10. Nd5 f5 11. Bd3 Be6 12. Qh5 Bg7 13. c3 O-O 14. f3 fxe4
15. fxe4 f5 16. O-O f4 17. Nc2 Rb8 18. a4 bxa4 19. Rxa4 a5 20. b4 axb4 21. cxb4
Ne7 22. b5 Bf7 23. Qh3 Nxd5 24. exd5 Qb6+ 25. Kh1 Bg6 26. Qe6+ Bf7 27. Qh3 Bg6
28. Bxg6 hxg6 29. Qe6+ Rf7 30. Rfa1 Qxb5 31. Rb4 Qe8 32. Qxd6 Rc8 33. Qxg6 Rfc7
0-1

[Event "Quebec-ch qual. 1"]
[Site "Montreal CAN"]
[Date "1992.04.05"]
[Round "4"]
[White "Lacroix, Serge"]
[Black "Caceres Cortes, Julio"]
[Result "0-1"]
[WhiteElo "2000"]
[BlackElo "2000"]
[PlyCount "38"]
[EventDate "1992.04.03"]
[EventType "swiss"]
[EventRounds "5"]
[EventCountry "CAN"]

1. e4 e5 2. Nf3 Nc6 3. Bb5 f5 4. d3 fxe4 5. dxe4 Nf6 6. O-O Bc5 7. Bxc6 bxc6 8.
Nxe5 O-O 9. Bg5 Qe8 10. Bxf6 Rxf6 11. Nd3 Bb6 12. Nc3 d6 13. Kh1 Rh6 14. Qe2
Qg6 15. Nf4 Qf7 16. Nd3 Bg4 17. Qd2 Qh5 18. h3 Bxh3 19. Nf4 Bxg2+ 0-1

[Event "Mauricie op"]
[Site "Trois-Rivieres CAN"]
[Date "1992.03.20"]
[Round "1"]
[White "Levtchouk, George"]
[Black "Lacroix, Serge"]
[Result "1-0"]
[WhiteElo "2300"]
[BlackElo "1950"]
[PlyCount "61"]
[EventDate "1992.03.20"]
[EventType "swiss"]
[EventRounds "5"]
[EventCountry "CAN"]

1. d4 d5 2. c4 c6 3. Nf3 Nf6 4. Nc3 e6 5. Bg5 Be7 6. e3 O-O 7. Qc2 Nbd7 8. cxd5
exd5 9. Bd3 h6 10. Bf4 Re8 11. O-O-O Bf8 12. g4 Qe7 13. g5 hxg5 14. Bxg5 Qe6
15. Rhg1 Ne4 16. Nxe4 dxe4 17. Bc4 Qh3 18. Nd2 Nb6 19. Be2 Bf5 20. Rg3 Qxh2 21.
Rdg1 g6 22. Bf4 Qh4 23. f3 c5 24. fxe4 cxd4 25. exf5 Rac8 26. Nc4 Nxc4 27. Bxc4
b5 28. Rxg6+ Kh8 29. Rg8+ Kh7 30. f6+ d3 31. Bxd3+ 1-0

[Event "Mauricie op"]
[Site "Trois-Rivieres CAN"]
[Date "1992.03.20"]
[Round "5"]
[White "Dion, Francis"]
[Black "Lacroix, Serge"]
[Result "1-0"]
[WhiteElo "1900"]
[BlackElo "2000"]
[PlyCount "79"]
[EventDate "1992.03.20"]
[EventType "swiss"]
[EventRounds "5"]
[EventCountry "CAN"]

1. e4 c5 2. Nf3 d6 3. d4 cxd4 4. Nxd4 Nf6 5. Nc3 Nc6 6. Be2 e6 7. O-O Be7 8.
Be3 O-O 9. Kh1 a6 10. Nb3 b5 11. Bd3 Bb7 12. f4 Rc8 13. a4 b4 14. Ne2 Na5 15.
Nd2 d5 16. e5 Ne4 17. b3 Qc7 18. Rc1 Bc5 19. Nd4 Qb6 20. N2f3 Nc6 21. Nxc6 Bxe3
22. Ne7+ Kh8 23. Nxc8 Rxc8 24. Ng5 Bxc1 25. Bxe4 dxe4 26. Qh5 h6 27. Nxf7+ Kh7
28. Ng5+ Kh8 29. Nf7+ Kg8 30. Qg6 Rc7 31. Nxh6+ Kh8 32. Nf7+ Kg8 33. Ng5 Qc6
34. Qh7+ Kf8 35. Qh8+ Ke7 36. Qxg7+ Kd8 37. Qf8+ Qe8 38. Rd1+ Bd5 39. Nxe6+ Kd7
40. Qxe8+ 1-0

[Event "Laval IX"]
[Site "Laval CAN"]
[Date "1992.02.29"]
[Round "3"]
[White "Desjardins, Andre"]
[Black "Lacroix, Serge"]
[Result "0-1"]
[WhiteElo "1998"]
[BlackElo "2033"]
[PlyCount "126"]
[EventDate "1992.02.28"]
[EventType "swiss"]
[EventRounds "5"]
[EventCountry "CAN"]

1. e4 c5 2. Nf3 d6 3. d4 cxd4 4. Nxd4 Nf6 5. Nc3 Nc6 6. Bg5 Qb6 7. Bxf6 gxf6 8.
Nb3 f5 9. Nd5 Qd8 10. Bd3 fxe4 11. Bxe4 e6 12. Ne3 d5 13. Bf3 Bg7 14. c3 O-O
15. O-O b6 16. Rc1 Ba6 17. Be2 Bb7 18. Rc2 Qh4 19. g3 Qh3 20. f4 f5 21. Re1
Rad8 22. Bf1 Qh6 23. Rd2 Qf6 24. Nc2 Qg6 25. Ncd4 Nxd4 26. Nxd4 Bxd4+ 27. Rxd4
h5 28. Be2 h4 29. Bh5 Qf6 30. Qe2 hxg3 31. hxg3 Bc8 32. Kf2 Kg7 33. Qe5 Qxe5
34. Rxe5 Kf6 35. Bf3 Rh8 36. Re1 Rh6 37. Rh1 Rdh8 38. Rxh6+ Rxh6 39. Rd1 Rh3
40. Rh1 Rxh1 41. Bxh1 Ba6 42. b3 Bd3 43. Ke3 Bb1 44. a3 Ba2 45. b4 e5 46. fxe5+
Kxe5 47. Bf3 Bb3 48. Be2 Ba4 49. Bd3 a5 50. Ba6 axb4 51. cxb4 Bc2 52. Bd3 d4+
53. Kd2 Bxd3 54. Kxd3 b5 55. a4 bxa4 56. b5 Kd5 57. b6 Kc6 58. Kxd4 Kxb6 59.
Kc4 Kc6 60. Kc3 Kb5 61. Kb2 Kc4 62. Ka3 Kc3 63. Kxa4 Kd3 0-1

[Event "Laval IX"]
[Site "Laval CAN"]
[Date "1992.03.01"]
[Round "4"]
[White "Barbeau, Sylvain"]
[Black "Lacroix, Serge"]
[Result "1-0"]
[WhiteElo "2418"]
[BlackElo "2033"]
[Annotator "Incomplete"]
[PlyCount "49"]
[EventDate "1992.02.28"]
[EventType "swiss"]
[EventRounds "5"]
[EventCountry "CAN"]

1. d4 d5 2. c4 c6 3. cxd5 cxd5 4. Nc3 Nf6 5. Bf4 Qb6 6. e3 Qxb2 7. Rc1 e6 8.
Bd3 Nc6 9. Nb5 Bb4+ 10. Kf1 Ba5 11. Nf3 Ne4 12. Nd6+ Nxd6 13. Bxd6 Bb4 14. Bxb4
Qxb4 15. Rc5 f6 16. Qc2 Bd7 17. Ke2 Qb6 18. a3 f5 19. Rb1 Qc7 20. Bb5 Qd6 21.
Bxc6 Bxc6 22. Ne5 O-O 23. h4 a6 24. Nxc6 bxc6 25. Rb7 {etc. etc.} 1-0

[Event "Montreal - Specialiste"]
[Site "Montreal CAN"]
[Date "1992.02.18"]
[Round "2"]
[White "Barbeau, Sylvain"]
[Black "Lacroix, Serge"]
[Result "1-0"]
[WhiteElo "2300"]
[BlackElo "2000"]
[PlyCount "51"]
[EventDate "1992.02.17"]
[EventType "swiss"]
[EventRounds "5"]
[EventCountry "CAN"]

1. d4 d5 2. c4 c6 3. cxd5 cxd5 4. Nc3 Nc6 5. Nf3 Nf6 6. Bf4 e6 7. e3 Bd6 8. Bg3
a6 9. Bd3 b5 10. Ne5 Bb7 11. f4 Rc8 12. O-O Nb4 13. Bb1 g6 14. Bh4 Be7 15. a4
Ne4 16. Bxe7 Qxe7 17. axb5 axb5 18. Nxb5 O-O 19. Ra7 Ra8 20. Rxa8 Rxa8 21. Nc3
f6 22. Nd3 Ra1 23. Nxe4 Nxd3 24. Qb3 Rxb1 25. Nxf6+ Qxf6 26. Rxb1 1-0

[Event "Specialiste ch"]
[Site "Montreal CAN"]
[Date "1992.01.18"]
[Round "1"]
[White "Lacroix, Serge"]
[Black "Bolduc, Steve"]
[Result "1-0"]
[WhiteElo "2018"]
[BlackElo "2184"]
[PlyCount "93"]
[EventDate "1992.01.18"]
[EventType "team"]
[EventRounds "5"]
[EventCountry "CAN"]

1. e4 e5 2. f4 exf4 3. Bc4 d5 4. exd5 Qh4+ 5. Kf1 f3 6. Bb5+ Bd7 7. Bxd7+ Kxd7
8. Nxf3 Qc4+ 9. Qe2 Qxd5 10. Nc3 Qf5 11. g4 Qe6 12. Ne5+ Kc8 13. d4 Bd6 14. Nc4
Nc6 15. Qxe6+ fxe6 16. Ne4 Kd7 17. c3 Rf8+ 18. Ke2 Nf6 19. Ncxd6 cxd6 20. Nxf6+
Rxf6 21. Be3 e5 22. d5 Ne7 23. c4 a6 24. Raf1 b5 25. b3 bxc4 26. bxc4 Rb8 27.
Rb1 Rff8 28. Rb3 Rxb3 29. axb3 Rb8 30. Rb1 Ng8 31. Kd3 Nf6 32. h3 Kc7 33. Kc2
h5 34. g5 Nd7 35. Rf1 Rf8 36. Rxf8 Nxf8 37. b4 Ng6 38. Kd3 Nh4 39. Ke4 g6 40.
c5 Nf5 41. Bf2 Kd7 42. cxd6 Kxd6 43. Bc5+ Kd7 44. Kxe5 Ne7 45. Bxe7 Kxe7 46.
d6+ Kd7 47. h4 1-0

[Event "Pere Noel"]
[Site "Montreal CAN"]
[Date "1991.12.26"]
[Round "1"]
[White "Lacroix, Serge"]
[Black "Barbeau, Sylvain"]
[Result "0-1"]
[WhiteElo "2000"]
[BlackElo "2300"]
[Annotator "Incomplete"]
[PlyCount "57"]
[EventDate "1991.12.26"]
[EventType "swiss"]
[EventRounds "5"]
[EventCountry "CAN"]

1. e4 c5 2. Nf3 e6 3. d4 cxd4 4. Nxd4 a6 5. c4 Nf6 6. Nc3 Qc7 7. Be2 Bb4 8. f3
O-O 9. Qb3 Bc5 10. Be3 d6 11. Na4 Ba7 12. Nc2 Nbd7 13. O-O b6 14. Rfd1 Bb7 15.
Rac1 Rad8 16. Bf2 h6 17. Qb4 Nc5 18. Nxc5 bxc5 19. Qc3 Nd7 20. Rd2 Bb6 21. a3
Ne5 22. Rcd1 Nc6 23. Rd3 e5 24. Ne3 Nd4 25. Bf1 g6 26. Ng4 Kg7 27. Qd2 g5 28.
Bxd4 cxd4 29. Rc1 {etc. etc.} 0-1

[Event "Pere Noel"]
[Site "Montreal CAN"]
[Date "1991.12.28"]
[Round "3"]
[White "Teuton, Frank"]
[Black "Lacroix, Serge"]
[Result "1-0"]
[WhiteElo "2100"]
[BlackElo "2000"]
[PlyCount "55"]
[EventDate "1991.12.26"]
[EventType "swiss"]
[EventRounds "5"]
[EventCountry "CAN"]

1. e4 c5 2. Nf3 Nf6 3. e5 Nd5 4. Nc3 Nxc3 5. dxc3 Nc6 6. Bc4 e6 7. Bf4 f6 8.
Qe2 f5 9. O-O-O Qc7 10. g4 fxg4 11. Ne1 h5 12. Qe4 Ne7 13. f3 Qc6 14. Qe2 a6
15. Rf1 gxf3 16. Nxf3 b5 17. Bd3 Bb7 18. Ng5 g6 19. Be4 Qc7 20. Bxb7 Qxb7 21.
Ne4 Nd5 22. Rxd5 exd5 23. Nd6+ Bxd6 24. exd6+ Kd8 25. Qe7+ Kc8 26. Be5 Rd8 27.
Qxd8+ Kxd8 28. Rf8# 1-0

[Event "Ile-Jesus"]
[Site "Laval CAN"]
[Date "1991.11.22"]
[Round "2"]
[White "Gravel, Simon M"]
[Black "Lacroix, Serge"]
[Result "1-0"]
[WhiteElo "2100"]
[BlackElo "1973"]
[PlyCount "61"]
[EventDate "1991.11.22"]
[EventType "swiss"]
[EventRounds "5"]
[EventCountry "CAN"]

1. e4 c5 2. d4 cxd4 3. Nf3 Nc6 4. c3 dxc3 5. Nxc3 d6 6. Bc4 e6 7. O-O Be7 8.
Qe2 Nf6 9. Rd1 Qc7 10. Nb5 Qb8 11. Bg5 a6 12. Bxf6 gxf6 13. Nbd4 Ne5 14. Bb3
Bd7 15. Nh4 b5 16. f4 Ng6 17. Nxg6 hxg6 18. Rac1 Qb6 19. Kh1 Rc8 20. Qd3 Rh5
21. f5 gxf5 22. exf5 e5 23. Ne6 fxe6 24. fxe6 Rg5 25. exd7+ Kxd7 26. Qd5 Kd8
27. Rxc8+ Kxc8 28. Rc1+ Kb8 29. Qe6 Bd8 30. Rc8+ Kb7 31. Bd5+ 1-0

[Event "Ile-Jesus"]
[Site "Laval CAN"]
[Date "1991.11.23"]
[Round "3"]
[White "Lacroix, Serge"]
[Black "Leveille, Francois"]
[Result "0-1"]
[WhiteElo "1973"]
[BlackElo "2347"]
[PlyCount "74"]
[EventDate "1991.11.22"]
[EventType "swiss"]
[EventRounds "5"]
[EventCountry "CAN"]

1. e4 Nf6 2. e5 Nd5 3. c4 Nb6 4. d4 d6 5. Nf3 g6 6. Nc3 Bg7 7. Bf4 O-O 8. Be2
Bg4 9. O-O Nc6 10. b3 dxe5 11. Nxe5 Bxe2 12. Nxe2 Nxe5 13. Bxe5 e6 14. Qc2 c6
15. Qc3 Bxe5 16. dxe5 Qg5 17. Rad1 Rad8 18. f4 Qg4 19. Qc2 Kh8 20. Rf3 Nc8 21.
Rxd8 Rxd8 22. Rd3 Rxd3 23. Qxd3 Ne7 24. h3 Qf5 25. Qd7 Ng8 26. Qxb7 g5 27. g4
Qe4 28. Kf2 gxf4 29. Qxf7 Qe3+ 30. Kf1 Qxh3+ 31. Ke1 f3 32. Ng1 Qg3+ 33. Kd2
Qg2+ 34. Kc3 f2 35. Ne2 f1=Q 36. Qxe6 Qe1+ 37. Kd4 Qa1+ 0-1

[Event "Ile-Jesus"]
[Site "Laval CAN"]
[Date "1991.11.24"]
[Round "5"]
[White "Pouliot, Louis"]
[Black "Lacroix, Serge"]
[Result "1-0"]
[WhiteElo "1982"]
[BlackElo "1973"]
[PlyCount "55"]
[EventDate "1991.11.22"]
[EventType "swiss"]
[EventRounds "5"]
[EventCountry "CAN"]

1. d4 d5 2. Nf3 c6 3. g3 Nf6 4. Bg2 Bf5 5. O-O Qc8 6. c4 Bh3 7. cxd5 Bxg2 8.
Kxg2 cxd5 9. Nc3 e6 10. Bf4 Nh5 11. Bxb8 Qxb8 12. Ne5 Bd6 13. Qa4+ b5 14. Nxb5
Bxe5 15. Nd6+ Ke7 16. dxe5 f6 17. Qa3 fxe5 18. Nc8+ Kf7 19. Qe7+ Kg6 20. Qxe6+
Nf6 21. Ne7+ Kg5 22. h4+ Kh5 23. Nf5 Kg6 24. h5+ Kxh5 25. f4 exf4 26. gxf4 Qxb2
27. Rh1+ Kg6 28. Ne7# 1-0

[Event "Montreal op"]
[Site "Montreal CAN"]
[Date "1991.08.31"]
[Round "3"]
[White "Barbeau, Sylvain"]
[Black "Lacroix, Serge"]
[Result "1-0"]
[WhiteElo "2300"]
[BlackElo "2000"]
[PlyCount "50"]
[EventDate "1991.08.30"]
[EventType "swiss"]
[EventRounds "5"]
[EventCountry "CAN"]

1. d4 Nf6 2. Nf3 g6 3. Nc3 Bg7 4. e4 d6 5. Bc4 c6 6. Bb3 O-O 7. O-O Qc7 8. h3
Nbd7 9. Bg5 e5 10. Qd2 exd4 11. Nxd4 Nc5 12. Rfe1 Re8 13. f3 Ne6 14. Nxe6 Bxe6
15. Rad1 Rad8 16. Qf4 Qb6+ 17. Kh2 Nh5 18. Bxd8 Rxd8 19. Qe3 c5 20. Nd5 Qa5 21.
c3 b5 22. Ne7+ Kh8 23. Nc6 Qc7 24. Nxd8 Qxd8 25. Bxe6 fxe6 1-0

[Event "Beloeil"]
[Site "Beloeil CAN"]
[Date "1991.03.16"]
[Round "?"]
[White "Pineault, Denis"]
[Black "Lacroix, Serge"]
[Result "1-0"]
[WhiteElo "2000"]
[BlackElo "2000"]
[Annotator "Incomplete"]
[PlyCount "56"]
[EventDate "1991.03.16"]
[EventType "swiss"]
[EventCountry "CAN"]

1. e4 e5 2. Nf3 Nc6 3. Bb5 a6 4. Ba4 Nf6 5. O-O Be7 6. d4 b5 7. dxe5 bxa4 8.
exf6 Bxf6 9. e5 Be7 10. c3 d6 11. Qxa4 Bd7 12. exd6 Bxd6 13. Re1+ Ne7 14. Qh4
f6 15. Bf4 Bxf4 16. Qxf4 O-O 17. Na3 Nd5 18. Qc4 c6 19. Nd4 Qb6 20. Qb3 Rfe8
21. Qxb6 Nxb6 22. Nac2 c5 23. Nb3 Na4 24. Ne3 Be6 25. Rab1 Rab8 26. c4 Bf7 27.
Red1 Bg6 28. Ra1 Red8 {etc.} 1-0

[Event "Specialiste ch"]
[Site "Montreal CAN"]
[Date "1991.01.20"]
[Round "3"]
[White "Lacroix, Serge"]
[Black "Teuton, Frank"]
[Result "1-0"]
[WhiteElo "1939"]
[BlackElo "2094"]
[PlyCount "92"]
[EventDate "1991.01.21"]
[EventType "swiss"]
[EventRounds "5"]
[EventCountry "CAN"]

1. d4 Nf6 2. c4 c5 3. d5 b5 4. cxb5 a6 5. bxa6 g6 6. Nc3 Bxa6 7. e4 Bxf1 8.
Kxf1 d6 9. g3 Bg7 10. Kg2 O-O 11. Nf3 Nbd7 12. Re1 Qb6 13. Re2 Rfb8 14. h3 h6
15. e5 Nxe5 16. Nxe5 dxe5 17. Rxe5 Qb7 18. Qf3 Ng4 19. Re2 Ne5 20. Qe3 e6 21.
Qxc5 Rc8 22. Qb5 Qxb5 23. Nxb5 exd5 24. Bxh6 Bxh6 25. Rxe5 Rc2 26. Rxd5 Rxb2
27. a4 Be3 28. Kf3 Bb6 29. Nd4 Rb4 30. Rb5 Bxd4 31. Rxb4 Bxa1 32. Kg4 Kg7 33.
f4 Ra5 34. Kf3 Rc5 35. Rb3 Rc3+ 36. Rxc3 Bxc3 37. g4 Kf6 38. h4 Ba5 39. Ke4 Ke6
40. g5 Be1 41. h5 gxh5 42. f5+ Ke7 43. g6 f6 44. Kf3 Bd2 45. Kg3 Bh6 46. Kh4
Kd6 1-0

[Event "Bonne annee"]
[Site "Charny CAN"]
[Date "1991.01.04"]
[Round "1"]
[White "Girard, Robin"]
[Black "Lacroix, Serge"]
[Result "0-1"]
[WhiteElo "1928"]
[BlackElo "2235"]
[PlyCount "128"]
[EventDate "1991.01.04"]
[EventType "swiss"]
[EventRounds "5"]
[EventCountry "CAN"]

1. e4 e5 2. f4 exf4 3. Bc4 Be7 4. Nf3 Nf6 5. Nc3 O-O 6. d4 Nxe4 7. Nxe4 d5 8.
Bd3 dxe4 9. Bxe4 Bh4+ 10. g3 Re8 11. Ne5 f5 12. Bg2 fxg3 13. O-O c6 14. Bf4
gxh2+ 15. Bxh2 Be6 16. c4 Nd7 17. Nxd7 Bxd7 18. b4 Qg5 19. Bf4 Qg6 20. Kh2 Bg5
21. Be5 Bf6 22. Bf4 Bg5 23. Be5 Qh6+ 24. Bh3 f4 25. Qb3 Rf8 26. Rf3 Bg4 27.
Raf1 Bxf3 28. Qxf3 Rae8 29. Qg4 Rxe5 30. dxe5 Be7 31. Re1 Qg5 32. e6 Qxg4 33.
Bxg4 g5 34. c5 Re8 35. Rd1 Rd8 36. Rd7 Rxd7 37. exd7 Kf7 38. a4 Bd8 39. Kg2 Kf6
40. b5 Ke5 41. Bf3 Kd4 42. bxc6 bxc6 43. Bxc6 Kxc5 44. Bf3 Kd6 45. Bg4 Ke5 46.
Kf3 h6 47. Ke2 Kf6 48. Kd3 Kg6 49. Ke4 h5 50. Bd1 Bc7 51. Be2 h4 52. Bg4 Kf6
53. Bh3 Ke7 54. Bg4 Kd6 55. Bf5 Kc5 56. Kf3 Kb4 57. Bc2 h3 58. Bd1 a5 59. Kf2
Bb6+ 60. Kf3 Kc5 61. Kg4 h2 62. Bf3 Bd8 63. Kh3 Kb4 64. Kxh2 Kxa4 0-1

[Event "Bonne annee"]
[Site "Charny CAN"]
[Date "1991.01.05"]
[Round "2"]
[White "Drolet, Stephane"]
[Black "Lacroix, Serge"]
[Result "0-1"]
[WhiteElo "2061"]
[BlackElo "1928"]
[PlyCount "88"]
[EventDate "1991.01.04"]
[EventType "swiss"]
[EventRounds "5"]
[EventCountry "CAN"]

1. d4 Nf6 2. c4 g6 3. Nc3 d5 4. cxd5 Nxd5 5. e4 Nxc3 6. bxc3 Bg7 7. Nf3 c5 8.
Rb1 O-O 9. Be2 Qa5 10. Bd2 Qxa2 11. O-O Qe6 12. Qc2 cxd4 13. cxd4 b6 14. d5 Qd7
15. Bb5 Qb7 16. Rfd1 Bd7 17. Bc4 Na6 18. Be3 Rac8 19. Qa2 Nc5 20. Ng5 h6 21.
Qa3 Qa8 22. Nf3 Rfe8 23. e5 Bf5 24. Ra1 Be4 25. d6 exd6 26. exd6 Bxf3 27. gxf3
Bxa1 28. Qxa1 Rxe3 29. fxe3 Qxf3 30. Qc3 Re8 31. Rf1 Qg4+ 32. Kh1 Qe4+ 33. Kg1
Re5 34. Bxf7+ Kh7 35. h4 Qg4+ 36. Kh1 Qxh4+ 37. Kg2 Rg5+ 38. Kf3 Rf5+ 39. Ke2
Qh2+ 40. Ke1 Qg3+ 41. Ke2 Qg2+ 42. Rf2 Qxf2+ 43. Kd1 Qf1+ 44. Kc2 Rf2+ 0-1

[Event "Bonne annee"]
[Site "Charny CAN"]
[Date "1991.01.05"]
[Round "3"]
[White "Lacroix, Serge"]
[Black "Lessard, Claude"]
[Result "1-0"]
[WhiteElo "1928"]
[BlackElo "1985"]
[PlyCount "65"]
[EventDate "1991.01.04"]
[EventType "swiss"]
[EventRounds "5"]
[EventCountry "CAN"]

1. d4 Nf6 2. c4 g6 3. Nc3 Bg7 4. e4 d6 5. Nf3 O-O 6. Be2 c5 7. d5 b5 8. cxb5 a6
9. bxa6 Bxa6 10. Bxa6 Nxa6 11. O-O Qa5 12. e5 Ng4 13. exd6 exd6 14. Bf4 Ne5 15.
Nxe5 dxe5 16. Bg5 Rab8 17. Be7 Rfe8 18. d6 Nb4 19. Nd5 Nc6 20. Bf6 Bf8 21. Bg5
Re6 22. d7 Rd6 23. Nf6+ Kh8 24. Qf3 Be7 25. Nxh7 Kg7 26. Bxe7 Nxe7 27. Rad1
Rxd1 28. Rxd1 Nf5 29. Ng5 Rd8 30. Qd5 Nh6 31. Qxe5+ Kf8 32. h3 Qxa2 33. Nh7+
1-0

[Event "Bonne annee"]
[Site "Charny CAN"]
[Date "1991.01.06"]
[Round "5"]
[White "Lacroix, Serge"]
[Black "Champetier, Serge"]
[Result "1/2-1/2"]
[WhiteElo "1928"]
[BlackElo "2016"]
[PlyCount "67"]
[EventDate "1991.01.04"]
[EventType "swiss"]
[EventRounds "5"]
[EventCountry "CAN"]

1. d4 d5 2. c4 dxc4 3. Nf3 Nf6 4. a4 Bf5 5. e3 e6 6. Bxc4 Nbd7 7. Nc3 a6 8. O-O
Nb6 9. Bd3 Bg4 10. a5 Nbd5 11. Qa4+ c6 12. Ne5 Qc7 13. Nxd5 exd5 14. Bd2 Bd6
15. Nxg4 Nxg4 16. h3 h5 17. f4 Nf6 18. Rac1 Qe7 19. Bf5 O-O 20. Rf3 g6 21. Bd3
Ne4 22. Bxe4 Qxe4 23. Bb4 Qe7 24. Bxd6 Qxd6 25. Qb3 Qd7 26. f5 Kh7 27. Rcf1 g5
28. f6 Rae8 29. Qd3+ Kh6 30. h4 Rg8 31. Rf5 Re4 32. hxg5+ Rxg5 33. Rxg5 Kxg5
34. Rf3 1/2-1/2

[Event "Beloeil-1"]
[Site "Beloeil CAN"]
[Date "1991.01.??"]
[Round "1"]
[White "Castillo, Anthony"]
[Black "Lacroix, Serge"]
[Result "0-1"]
[WhiteElo "1650"]
[BlackElo "1986"]
[PlyCount "78"]
[EventDate "1991.01.??"]
[EventType "swiss"]
[EventRounds "3"]
[EventCountry "CAN"]

1. d4 Nf6 2. c4 g6 3. Nc3 d5 4. cxd5 Nxd5 5. e4 Nxc3 6. bxc3 Bg7 7. Be3 c5 8.
Bb5+ Nd7 9. Qd2 a6 10. Bxd7+ Bxd7 11. f4 cxd4 12. Bxd4 e5 13. fxe5 Qh4+ 14. Kf1
Qxe4 15. Nf3 O-O 16. Kf2 Bc6 17. Rhe1 Qf5 18. Rad1 Rfe8 19. Qg5 Qe6 20. Rd2
Rad8 21. h4 h6 22. Qf4 Rd5 23. Qg3 Red8 24. Kg1 R8d7 25. Red1 Ra5 26. Qf2 Qg4
27. Bb6 Rxd2 28. Rxd2 Rb5 29. Rd8+ Kh7 30. Bd4 Bxf3 31. Qxf3 Rb1+ 32. Kh2 Qxh4+
33. Qh3 Qxd8 34. Qg4 Qg5 35. Qxg5 hxg5 36. Kg3 Ra1 37. Kg4 Rxa2 38. g3 Ra5 39.
Kxg5 Bxe5 0-1

[Event "Beloeil-1"]
[Site "Beloeil CAN"]
[Date "1991.01.??"]
[Round "2"]
[White "Lacroix, Serge"]
[Black "David, Benoit"]
[Result "1-0"]
[WhiteElo "1986"]
[BlackElo "1746"]
[PlyCount "74"]
[EventDate "1991.01.??"]
[EventType "swiss"]
[EventRounds "3"]
[EventCountry "CAN"]

1. d4 Nf6 2. c4 g6 3. Nc3 Bg7 4. e4 d6 5. Nf3 O-O 6. Be2 e5 7. Be3 Nbd7 8. O-O
c6 9. Qd2 Re8 10. d5 c5 11. h3 Rf8 12. a3 Ne8 13. Ne1 f5 14. f3 Nef6 15. b4 b6
16. Nd3 f4 17. Bf2 g5 18. Nb5 Ne8 19. bxc5 bxc5 20. Rfb1 Ndf6 21. Nc3 h5 22.
Qd1 Rf7 23. Qa4 g4 24. hxg4 hxg4 25. Kf1 gxf3 26. Bxf3 Ng4 27. Ke2 Nxf2 28.
Nxf2 Nf6 29. Qc6 Bd7 30. Qxd6 Qa5 31. Kd3 Re8 32. Rb8 Bc8 33. Qc6 Rc7 34. Qb5
Qa6 35. Qxa6 Bxa6 36. Rxe8+ Nxe8 37. a4 Nd6 1-0